Zgadnij napoje-sudden death - Statystyki

Ogólne statystyki
  • Ten quiz został rozwiązany 18 razy
  • Średni wynik to 8 z 17
Answers on the Grid
Answers color-coded by a green-red scale on the quiz's grid according to % correct below.
Pepsi
Drizzle pop
Coca cola
Zestiva
Fanta
Cryonade
Sprite
Gatorode
Mirinda
Schweepes
7 Up
Sprit
Aperol spritz
Mountain dew
Zitrus Orange
Soju
Sake
Citrango
Dr.pepper
Fizzaro
Jack Daniels
Arizona
Oatly
Vibra cola
Capri sun
Carpi sun
Hydriva
Alpro
BlizzUp
Yerba mate
 
Statystyki odpowiedzi
Odpowiedź % Poprawnych
7 Up
75%
Coca cola
75%
Dr.pepper
67%
Pepsi
67%
Fanta
58%
Jack Daniels
58%
Mirinda
58%
Sprite
58%
Aperol spritz
42%
Arizona
42%
Mountain dew
42%
Sake
42%
Capri sun
33%
Alpro
17%
Yerba mate
17%
Soju
8%
Oatly
0%
Nie znaleziono quizów pasujących do podanych kryteriów
Rozkład punktacji
Procent ludzi z każdym wynikiem
Percentyl według liczby udzielonych odpowiedzi
Twoja historia wyników
Nie rozwiązałeś tego quizu